Chromakopia Tracklist - Statistics

General Stats
  • This quiz has been taken 48 times
  • The average score is 10 of 14
Answer Stats
# Answer Streams Artist(s) % Correct
12 Like Hiim 743,161,968 Tyler, The Creator ft. Lola Young
100%
8 Sticky 507,882,921 Tyler, The Creator ft. GloRilla, Sexyy Red, & Lil Wayne
84%
1 St. Chroma 322,252,158 Tyler, The Creator ft. Daniel Caesar
74%
13 Balloon 174,733,200 Tyler, The Creator ft. Doechii
71%
4 Darling, I 225,223,675 Tyler, The Creator ft. Teezo Touchdown
71%
3 Noid 169,681,989 Tyler, The Creator
71%
2 Rah Tah Tah 186,847,644 Tyler, The Creator
68%
11 Thought I Was Dead 171,491,087 Tyler, The Creator ft. ScHoolboy Q & Santigold
68%
14 I Hope You Find Your Way Home 67,036,923 Tyler, The Creator
65%
7 Judge Judy 100,344,315 Tyler, The Creator
65%
5 Hey Jane 83,026,233 Tyler, The Creator
61%
9 Take Your Mask Off 109,302,813 Tyler, The Creator ft. Daniel Caesar & LaToiya Williams
61%
10 Tomorrow 71,363,647 Tyler, The Creator
58%
6 I Killed You 80,734,419 Tyler, The Creator
55%
No matching quizzes found
Score Distribution
Percent of People with Each Score
Percentile by Number Answered
Your Score History
You have not taken this quiz